Born in Dublin - Statistics

General Stats
  • This quiz has been taken 81 times
    5 since last reset
  • The average score is 18 of 31
Answer Stats
Hint Answer % Correct
Lead vocalist of U2 1960 Bono
100%
Writer, "Ulysses" "Finnegans Wake" 1882 James Joyce
100%
Writer, "Gulliver's Travels" 1667 Jonathan Swift
100%
Poet and playwright, "The Picture of Dorian Gray" "The Canterville Ghost" 1854 Oscar Wilde
100%
Actor, "In Bruges" "Banshees of Inisherin" "The Lobster" "The Batman" 1976 Colin Farrell
80%
Mixed martial artist and former UFC champion, he is one of the world's highest paid athletes 1988 Conor McGregor
80%
Nobel Prize winning writer, "Man and Superman" "Pygmalion" 1856 George Bernard Shaw
80%
Nobel Prize winning writer, "Waiting for Godot" "Endgame" 1906 Samuel Beckett
80%
Actor, "Sherlock" "Fleabag" "Spectre" 1976 Andrew Scott
60%
Actor, "Harry Potter" "In Bruges" "Braveheart" 1955 Brendan Gleeson
60%
Actor, "Harry Potter" "Ex Machina" "Star Wars" sequel trilogy 1983 Domhnall Gleeson
60%
Singing duo known as "Jedward", they represented Ireland at Eurvision Song Contest in 2011 and 2012 1991 John & Edward Grimes
60%
former Irish international footballer (Arsenal, Juventus and West Ham) 1956 Liam Brady
60%
Actor, known for his role as Davos Seaworth in "Game of Thrones" 1961 Liam Cunningham
60%
CEO of Ryanair and one of Ireland's wealthiest businessmen 1961 Michael O'Leary
60%
Actor, "Game of Thrones" "Maze Runner" "Peaky Blinders" 1968 Aiden Gillen
40%
Actress, "Speak No Evil" "The Unforgivable" "The Nightingale" 1993 Aisling Franciosi
40%
Actress, "Matilda the Musical" "Abigail" "Wicked Little Letters" 2009 Alisha Weir
40%
Actor, "The Banshees of Inisherin" "Saltburn" "Dunkirk" 1992 Barry Keoghan
40%
Actress, "Outlander" "Belfast" "Ford v Ferrari" 1979 Caitríona Balfe
40%
Singer and frontman of "The Script" 1980 Danny O'Donoghue
40%
Important contemporary artist 1909 Francis Bacon
40%
Actress best known for portrayig Mon Mothma in the "Star Wars" franchise 1977 Genevieve O'Reilly
40%
Director, "In the Name of the Father" "In America" 1949 Jim Sheridan
40%
Prime Minister of Ireland from 2017 to 2020 1979 Leo Varadkar
40%
Footballer who plays for Wolverhampton Wanderers and the Irish national team 1992 Matt Doherty
40%
Actor, known for his theater works and his portrayal of Albus Dumbledore in the "Harry Potter" films 1940 Michael Gambon
40%
Irish-American singer and former member of "The Kelly Family" 1977 Michael Patrick Kelly
40%
Presenter of the world's longest-running chat show 1948 Pat Kenny
40%
Cinematographer, "The Favourite" "Marriage Story" "C'mon C'mon" 1970 Robbie Ryan
40%
Singer and former member of Boyzone, "When You Say Nothing at All" 1977 Ronan Keating
40%
No matching quizzes found
Score Distribution
Percent of People with Each Score
Percentile by Number Answered
Your Score History
You have not taken this quiz since the last reset